000 00520nam a2200157 a 4500
001 000032264
005 20200930063553.0
008 110406s1909 dr ac 000 0 spa d
040 _aDO-SdBNP
_bspa
_cBNPHU
082 _axxx
_bR426m
110 1 _aRepública Dominicna
_958310
245 1 0 _aMensaje que el ciudadano presidente de la República presenta al congreso nacional en la legislatura ordinaria 1908.
260 _aSanto Domingo :
_bImp. Cuna de las América,
_c1909.
300 _a18 p. ;
_c28 cm.
049 _aBNPD
999 _c31755
_d31755